| 000 | 00000nam 2200000za 4500 |
| 001 | 9.853735 |
| 003 | CaOODSP |
| 005 | 20250616155154 |
| 007 | cr ||||||||||| |
| 008 | 180315s2016 onc o f000 0 fre d |
| 040 | |aCaOODSP|bfre |
| 041 | |aeng|afre |
| 043 | |an-cn--- |
| 086 | 1 |aFR5-14/2016-PDF |
| 245 | 00|aRegistration of Canadians abroad |h[ressource électronique] = |bInscription des Canadiens à l’étranger. |
| 246 | 31|aInscription des Canadiens à l’étranger |
| 260 | |a[Ottawa] : |bGovernment of Canada = Gouvernement du Canada, |c[2016] |
| 300 | |a[1] p. |
| 500 | |aPubl. par : Affaires mondiales Canada. |
| 520 | |a« Utilisez notre service d’Inscription des Canadiens à l’étranger avant de quitter le Canada ou pendant votre séjour à l’étranger. Votre inscription permet au gouvernement du Canada de prendre contact avec vous et de vous aider en cas d’urgence à l’étranger ou d’urgence personnelle à la maison. Ce service est : gratuit, rapide, confidentiel, accessible au moyen d'appareils mobiles. » |
| 546 | |aTexte en anglais et en français. |
| 692 | 07|2gccst|aVoyage international |
| 710 | 1 |aCanada. |bAffaires mondiales Canada. |
| 791 | |tRegistration of Canadians abroad |eeng|w(CaOODSP)9.853732 |
| 856 | 40|qPDF|s3.29 Mo|uhttps://publications.gc.ca/collections/collection_2018/amc-gac/FR5-14-2016.pdf |